Economics : (Record no. 9061)
[ view plain ]
| 000 -LEADER | |
|---|---|
| fixed length control field | 00691nam a22002297a 4500 |
| 003 - CONTROL NUMBER IDENTIFIER | |
| control field | OSt |
| 005 - DATE AND TIME OF LATEST TRANSACTION | |
| control field | 20240704103524.0 |
| 008 - FIXED-LENGTH DATA ELEMENTS--GENERAL INFORMATION | |
| fixed length control field | 240704b |||||||| |||| 00| 0 eng d |
| 020 ## - INTERNATIONAL STANDARD BOOK NUMBER | |
| International Standard Book Number | 0039228800 |
| 040 ## - CATALOGING SOURCE | |
| Transcribing agency | MUST |
| 082 ## - DEWEY DECIMAL CLASSIFICATION NUMBER | |
| Classification number | 330 VOG 1993 |
| 100 ## - MAIN ENTRY--PERSONAL NAME | |
| Personal name | Vogt, Roy |
| 9 (RLIN) | 18426 |
| 245 ## - TITLE STATEMENT | |
| Title | Economics : |
| Remainder of title | understanding the canadian economy / |
| Statement of responsibility, etc. | Roy Vogt, Beverly J. Cameron, Edwin G. Dolan |
| 250 ## - EDITION STATEMENT | |
| Edition statement | 4th.ed. |
| 260 ## - PUBLICATION, DISTRIBUTION, ETC. (IMPRINT) | |
| Place of publication, distribution, etc. | Toronto |
| Name of publisher, distributor, etc. | Dryden |
| Date of publication, distribution, etc. | 1993 |
| 300 ## - PHYSICAL DESCRIPTION | |
| Extent | xxxix, 794p.: |
| Other physical details | col.ill : |
| Dimensions | 32 cm. |
| 504 ## - BIBLIOGRAPHY, ETC. NOTE | |
| Bibliography, etc | Includes bibliographical references and index |
| 651 ## - SUBJECT ADDED ENTRY--GEOGRAPHIC NAME | |
| Geographic name | Economics |
| 9 (RLIN) | 18427 |
| 700 ## - ADDED ENTRY--PERSONAL NAME | |
| Personal name | Cameron, Beverly J. |
| 9 (RLIN) | 18428 |
| 700 ## - ADDED ENTRY--PERSONAL NAME | |
| Personal name | Dolan, Edwin G |
| 9 (RLIN) | 18429 |
| 942 ## - ADDED ENTRY ELEMENTS (KOHA) | |
| Source of classification or shelving scheme | Dewey Decimal Classification |
| Koha item type | Open Shelf |
| Withdrawn status | Lost status | Source of classification or shelving scheme | Damaged status | Not for loan | Home library | Current library | Date acquired | Source of acquisition | Inventory number | Total Checkouts | Full call number | Barcode | Date last seen | Price effective from | Koha item type |
|---|---|---|---|---|---|---|---|---|---|---|---|---|---|---|---|
| Dewey Decimal Classification | MUST Main Library | MUST Main Library | 04/07/2024 | Purchase | 2005/24181 | 330 VOG 1993 | 2024-21766 | 04/07/2024 | 04/07/2024 | Open Shelf |
